| 000 | 00907nam0a22002291i 4500 | ||
|---|---|---|---|
| 001 | rc\4547931 | ||
| 005 | 20240725224134.0 | ||
| 035 | _a(NLR Aleph) 008363376 | ||
| 090 |
_a9012398 _c9012398 |
||
| 100 | _a20130416d1965 |||y0rusy50 ca | ||
| 101 | 0 | _arus | |
| 102 | _aRU | ||
| 105 | _ay d ||||| | ||
| 200 | 1 |
_aПентоксил в комплексном лечении острых пневмоний _e(Клинико-эксперим. исследование) _eАвтореферат дис. на соискание учен. степени канд. мед. наук _fВоен.-мед. ордена Ленина акад. им. С.М. Кирова |
|
| 210 |
_aЛенинград _d1965 |
||
| 215 |
_a20 с. _d21 |
||
| 333 | _aПродаже не подлежит | ||
| 700 | 1 |
_aЛалэко _bЛ.Ф. |
|
| 801 | 0 |
_aRU _bNLR _gpsbo |
|
| 801 | 1 |
_aRU _bELAR _2rusmarc |
|
| 852 |
_aNLR _j65-4/14370 |
||
| 942 | _cBOOK | ||